000 00271 a2200121 4500
999 _c327577
_d327577
001 92504
003 NUST
005 20180120144151.0
008 180120b xxu||||| |||| 00| 0 eng d
082 _a391.4393/RAH
100 _aM. A .Rahat
_99243
245 _aSadiyon Ka Sehar
260 _aLahore
_bAl Quraish
_c2011
300 _a448p.
942 _aCAE NUST
_cBK
_k391.4393/RAH
_2ddc